[Event "GER-chT11-A email"]
[Site "GER email"]
[Date "2015.10.15"]
[Round "?.3"]
[White "Woltmann, Michael"]
[Black "Pappier, Carlos Guillermo"]
[Result "1/2-1/2"]
[WhiteElo "2407"]
[BlackElo "2528"]
[PlyCount "87"]
[EventDate "2015.??.??"]
[EventType "tourn (corr)"]
[EventRounds "8"]
[EventCountry "GER"]
[SourceTitle "Corr 2017"]
[Source "ChessBase"]
[SourceDate "2017.09.19"]
[SourceVersion "1"]
[SourceVersionDate "2017.09.19"]
[SourceQuality "1"]
[WhiteTeam "Bremer SG von 1877"]
[BlackTeam "The Underdogs"]

1. e4 e6 2. d4 d5 3. Nc3 Nf6 4. e5 Nfd7 5. f4 c5 6. Nf3 Nc6 7. Be3 a6 8. Qd2 b5 9. a3 Qa5 10. Be2 b4 11. Nd1 Rb8 12. c3 bxc3 13. Nxc3 cxd4 14. Nxd4 Nxd4 15. Bxd4 Bc5 16. Bxc5 Qxc5 17. b4 Qa7 18. Rd1 h6 19. h4 0-0 20. Qd4 Qxd4 21. Rxd4 Bb7 22. Kd2 Rfc8 23. Rb1 Kf8 24. Ne4 Nxe5 25. Nc5 Nc6 26. Rd3 Ke7 27. f5 Rc7 28. fxe6 fxe6 29. Re3 Bc8 30. Rc1 Kd6 31. Bxa6 Nd4 32. Bxc8 Rbxc8 33. Nb7+ Kd7 34. Rxc7+ Rxc7 35. Nc5+ Kd6 36. Kd3 e5 37. Rg3 g5 38. hxg5 Rg7 39. g6 Nf5 40. Rg4 Ne7 41. a4 Rxg6 42. Rxg6+ Nxg6 43. g3 h5 44. a5 1/2-1/2

[Event "BdF-Diamant 06 email"]
[Site "GER email"]
[Date "2015.06.25"]
[Round "?"]
[White "Pirs, Jernej"]
[Black "Woltmann, Michael"]
[Result "0-1"]
[WhiteElo "2305"]
[BlackElo "2374"]
[PlyCount "32"]
[EventDate "2015.??.??"]
[EventType "tourn (corr)"]
[EventRounds "12"]
[EventCountry "GER"]
[SourceTitle "Corr 2017"]
[Source "ChessBase"]
[SourceDate "2017.09.19"]
[SourceVersion "1"]
[SourceVersionDate "2017.09.19"]
[SourceQuality "1"]

1. d4 f5 2. e4 fxe4 3. Nc3 Nf6 4. Bg5 Nc6 5. d5 Ne5 6. Qd4 Nf7 7. Bxf6 exf6 8. Qxe4+ Qe7 9. 0-0-0 Qxe4 10. Nxe4 f5 11. Ng3 g6 12. Re1+ Kd8 13. c4 Bc5 14. Nh3 c6 15. f3 b6 16. dxc6 dxc6 0-1

[Event "BdF-Diamant 06 email"]
[Site "GER email"]
[Date "2015.06.25"]
[Round "?"]
[White "Woltmann, Michael"]
[Black "Skonieczna, Barbara"]
[Result "1/2-1/2"]
[WhiteElo "2374"]
[BlackElo "2332"]
[PlyCount "69"]
[EventDate "2015.??.??"]
[EventType "tourn (corr)"]
[EventRounds "12"]
[EventCountry "GER"]
[SourceTitle "Corr 2017"]
[Source "ChessBase"]
[SourceDate "2017.09.19"]
[SourceVersion "1"]
[SourceVersionDate "2017.09.19"]
[SourceQuality "1"]

1. e4 c5 2. Nc3 Nc6 3. Nge2 e6 4. d4 cxd4 5. Nxd4 a6 6. Nxc6 bxc6 7. Bd3 d5 8. 0-0 Nf6 9. Qf3 Be7 10. e5 Nd7 11. Qg3 Kf8 12. Ne2 h5 13. Nd4 Bb7 14. Re1 Nc5 15. Nf3 h4 16. Qg4 h3 17. g3 Nxd3 18. cxd3 d4 19. Bg5 c5 20. Bxe7+ Qxe7 21. Rac1 g6 22. Re2 Rh5 23. Qf4 Rb8 24. Kf1 Rf5 25. Qh4 Rh5 26. Qxe7+ Kxe7 27. Ng1 Bg2+ 28. Ke1 Rb5 29. g4 Rh8 30. f3 Rhb8 31. b3 a5 32. Kf2 a4 33. bxa4 Rb1 34. Ree1 R1b2+ 35. Kg3 1/2-1/2

[Event "GER-chT10 LJ-23 Br04 email"]
[Site "GER email"]
[Date "2013.10.04"]
[Round "?"]
[White "Fuss, Thomas"]
[Black "Woltmann, Michael"]
[Result "1/2-1/2"]
[WhiteElo "2085"]
[BlackElo "2062"]
[PlyCount "62"]
[EventDate "2013.10.15"]
[EventType "tourn (corr)"]
[EventRounds "8"]
[EventCountry "GER"]
[SourceTitle "Corr 2015"]
[Source "ChessBase"]
[SourceDate "2015.07.17"]
[SourceVersion "1"]
[SourceVersionDate "2015.07.17"]
[SourceQuality "1"]

1. d4 f5 2. g3 Nf6 3. Bg2 g6 4. c4 Bg7 5. Nf3 0-0 6. 0-0 d6 7. Nc3 c6 8. d5 e5 9. dxe6 Bxe6 10. Qd3 Nbd7 11. Bf4 Nb6 12. b3 Ne4 13. Nd4 Bf7 14. Nxe4 fxe4 15. Bxe4 d5 16. cxd5 Nxd5 17. Bxd5 Qxd5 18. Rad1 Rad8 19. Nf3 Qxd3 20. Rxd3 Rxd3 21. exd3 Rd8 22. Rd1 Bd5 23. Nd2 a5 24. Re1 a4 25. bxa4 Bxa2 26. Re7 Rxd3 27. Rxb7 Bd5 28. Rb8+ Kf7 29. Rb7+ Kg8 30. Rb8+ Kf7 31. Rb7+ Kg8 1/2-1/2

[Event "GER-chT10 LJ-23 Br04 email"]
[Site "GER email"]
[Date "2013.10.04"]
[Round "?"]
[White "Schild, Reinhard"]
[Black "Woltmann, Michael"]
[Result "0-1"]
[WhiteElo "1915"]
[BlackElo "2062"]
[PlyCount "136"]
[EventDate "2013.10.15"]
[EventType "tourn (corr)"]
[EventRounds "8"]
[EventCountry "GER"]
[SourceTitle "Corr 2015"]
[Source "ChessBase"]
[SourceDate "2015.07.17"]
[SourceVersion "1"]
[SourceVersionDate "2015.07.17"]
[SourceQuality "1"]

1. d4 f5 2. g3 Nf6 3. Bg2 g6 4. Nf3 Bg7 5. c4 0-0 6. 0-0 d6 7. Nc3 c6 8. d5 e5 9. dxe6 Bxe6 10. Qd3 Re8 11. Ng5 Nbd7 12. Nxe6 Rxe6 13. Qc2 Nb6 14. Qb3 Nfd7 15. Be3 Rxe3 16. fxe3 Nc5 17. Qd1 Qe7 18. Rc1 Bh6 19. Kh1 Bxe3 20. Rb1 a5 21. b3 Qe5 22. Qc2 Re8 23. Bf3 Ne6 24. Nd1 Nd4 25. Qb2 Nxf3 26. Qxe5 Nxe5 27. Nxe3 Ned7 28. Nd1 Rxe2 29. Nc3 Re3 30. Rbc1 Ne5 31. Rfe1 Rxe1+ 32. Rxe1 Kf7 33. Kg2 Nbd7 34. Ne2 Nc5 35. Nd4 Ne4 36. h3 h5 37. Rd1 Kf6 38. h4 Ke7 39. Re1 Kd7 40. Re3 Kc7 41. Nf3 Ng4 42. Re2 Kb6 43. Nd2 Ngf6 44. Kf3 Kc5 45. Nxe4+ fxe4+ 46. Kf4 d5 47. cxd5 cxd5 48. Rd2 b5 49. Rc2+ Kd4 50. Rc6 Ng4 51. Rxg6 Ne5 52. Rg7 b4 53. Rg8 Nd3+ 54. Kf5 Nf2 55. Kf4 e3 56. Kf3 Kd3 57. Rg5 d4 58. Rxh5 Kd2 59. Re5 Nd3 60. Re8 Ne1+ 61. Kg4 e2 62. h5 Ng2 63. Rxe2+ Kxe2 64. h6 d3 65. h7 d2 66. h8Q d1Q 67. Qb2+ Kd3+ 68. Kf5 Ne3+ 0-1

[Event "GER-chT10 LJ-23 Br04 email"]
[Site "GER email"]
[Date "2013.10.04"]
[Round "?"]
[White "Woltmann, Michael"]
[Black "Ciemnyjewski, Gregor"]
[Result "1/2-1/2"]
[WhiteElo "2062"]
[BlackElo "1982"]
[PlyCount "66"]
[EventDate "2013.10.15"]
[EventType "tourn (corr)"]
[EventRounds "8"]
[EventCountry "GER"]
[SourceTitle "Corr 2015"]
[Source "ChessBase"]
[SourceDate "2015.07.17"]
[SourceVersion "1"]
[SourceVersionDate "2015.07.17"]
[SourceQuality "1"]

1. d4 Nf6 2. Bf4 c5 3. e3 Qb6 4. Nc3 d6 5. Bb5+ Bd7 6. a4 a6 7. a5 Qc7 8. Bxd7+ Nbxd7 9. d5 g6 10. e4 Bg7 11. Nf3 Nh5 12. Bg5 h6 13. Be3 b5 14. axb6 Qxb6 15. Na4 Qb5 16. Nd2 Ne5 17. Ra2 Nc4 18. Qe2 Nxd2 19. Bxd2 0-0 20. Nc3 Qxe2+ 21. Kxe2 f5 22. g3 g5 23. f3 fxe4 24. Nxe4 Nf6 25. Nxf6+ Rxf6 26. h4 Rf5 27. hxg5 hxg5 28. c4 Raf8 29. Rf1 g4 30. Bf4 gxf3+ 31. Kxf3 Rb8 32. Kg4 Rf7 33. Rxa6 Bxb2 1/2-1/2

[Event "GER-chT10 LJ-23 Br04 email"]
[Site "GER email"]
[Date "2013.10.04"]
[Round "?"]
[White "Woltmann, Michael"]
[Black "Zylla, Johannes"]
[Result "1/2-1/2"]
[WhiteElo "2062"]
[BlackElo "2031"]
[PlyCount "72"]
[EventDate "2013.10.15"]
[EventType "tourn (corr)"]
[EventRounds "8"]
[EventCountry "GER"]
[SourceTitle "Corr 2015"]
[Source "ChessBase"]
[SourceDate "2015.07.17"]
[SourceVersion "1"]
[SourceVersionDate "2015.07.17"]
[SourceQuality "1"]

1. d4 Nf6 2. Bf4 g6 3. e3 Bg7 4. Nd2 d6 5. h3 0-0 6. Ngf3 c5 7. Be2 Nc6 8. 0-0 cxd4 9. exd4 e5 10. dxe5 dxe5 11. Bxe5 Nxe5 12. Nxe5 Qc7 13. Nef3 Rd8 14. c3 Ne4 15. Qe1 Nxd2 16. Nxd2 Bf5 17. Nc4 Be4 18. Qc1 Qc6 19. Qg5 Bf6 20. Qg3 Rd5 21. Ne3 Rd2 22. Bc4 Kg7 23. Rfd1 Rad8 24. Bb3 Rxb2 25. Rxd8 Bxd8 26. Nc4 Rb1+ 27. Rxb1 Bxb1 28. Ne5 Qd6 29. Qe3 Qe7 30. Nxf7 Qxe3 31. fxe3 Bc7 32. Kf2 Kf6 33. Kf3 h5 34. h4 b6 35. e4 b5 36. Bd5 Bd3 1/2-1/2